ՀՀ Գիտությունների ազգային ակադեմիայի հիմնարար գիտական գրադարան  =   Fundamental Scientific Library of NAS RA

Долгосрочное прогнозирование развития систем энергетики, их маневренность и надежность : (Record no. 300761)

MARC details
000 -LEADER
fixed length control field 00945nam a2200193 a 4500
001 - CONTROL NUMBER
control field 000836779
003 - CONTROL NUMBER IDENTIFIER
control field AM-YeHGA
005 - DATE AND TIME OF LATEST TRANSACTION
control field 20250617144811.0
008 - FIXED-LENGTH DATA ELEMENTS--GENERAL INFORMATION
fixed length control field 111010s1983 ||| r 000 0 rus d
040 ## - CATALOGING SOURCE
Original cataloging agency AM-YeHGA
041 0# - LANGUAGE CODE
Language code of text/sound track or separate title rus
090 ## - LOCALLY ASSIGNED LC-TYPE CALL NUMBER (OCLC); LOCAL CALL NUMBER (RLIN)
-- 302458
245 00 - TITLE STATEMENT
Title Долгосрочное прогнозирование развития систем энергетики, их маневренность и надежность :
Remainder of title Материалы III Советско-японского симпозиума по проблемам энергетики, г. Юрмала, 22-24 сентября 1982 г. /
Statement of responsibility, etc. Редкол.: В.А. Зеберг и др.
260 ## - PUBLICATION, DISTRIBUTION, ETC.
Place of publication, distribution, etc. Рига :
Name of publisher, distributor, etc. Зинатне,
Date of publication, distribution, etc. 1983.
300 ## - PHYSICAL DESCRIPTION
Extent 173 с. :
Other physical details ил.
550 ## - ISSUING BODY NOTE
Issuing body note АН ЛатвССР, Физ.-энерг. ин-т
653 0# - INDEX TERM--UNCONTROLLED
Uncontrolled term Энергетика - Сборники
700 1# - ADDED ENTRY--PERSONAL NAME
Personal name Зеберг, Виктор Александрович
Relator term ред.
Relationship edt
Holdings
Withdrawn status Lost status Damaged status Not for loan Collection Home library Current library Date acquired Total checkouts Full call number Barcode Date last seen Price effective from Koha item type Public note
        General Fundamental Scientific Library Fundamental Scientific Library 09/01/2017   PII/512289 FL0210171 09/01/2017 09/01/2017 Գրքեր / Books 30 Days Loan
        General Fundamental Scientific Library Fundamental Scientific Library 09/01/2017   PII/513956 FL0208185 09/01/2017 09/01/2017 Գրքեր / Books 30 Days Loan


ՀՀ ԳԱԱ հիմնարար գիտական գրադարան
ՀՀ,Երևան 0019
Մարշալ Բաղրամյան 24/6
հեռախոս:(374-10) 52-47-50
Հետադարձ կապ

All site content, except where otherwise noted, is licensed under a
Creative Commons License